000 01352cam a2200337 a 4500
001 2944240
003 ARRUPE
005 20150327020005.0
008 900612s1991 enk b 001 0aeng
010 _a 90040827
020 _a0192817795 :
_c£17.50 (est.)
040 _aDLC
_cDLC
_dDLC
041 1 _aeng
_hlat
043 _af-ae---
050 0 0 _aBR65.A6
_bE5 1991
082 0 0 _a270.2/092
_aB
_221
100 0 _aAugustine,
_cSaint, Bishop of Hippo.
_9170
240 1 0 _aConfessiones.
_lEnglish
245 1 0 _aSaint Augustine Confessions /
_cHenry Chadwick.
260 _aOxford ;
_bOxford University Press,
_c1991.
300 _axxviii, 311 p. ;
_c23 cm.
600 0 0 _aAugustine,
_cSaint, Bishop of Hippo.
_9171
610 2 0 _aCatholic Church
_zAlgeria
_zHippo (Extinct city)
_xBishops
_vBiography.
_9172
650 0 _aChristian saints
_zAlgeria
_zHippo (Extinct city)
_vBiography.
_9173
700 1 _aChadwick, Henry,
_d1920-2008.
_9174
856 4 2 _3Publisher description
_uhttp://www.loc.gov/catdir/enhancements/fy0637/90040827-d.html
856 4 2 _3Contributor biographical information
_uhttp://www.loc.gov/catdir/enhancements/fy0724/90040827-b.html
906 _a7
_bcbc
_corignew
_d1
_eocip
_f19
_gy-gencatlg
942 _2lcc
_cMONOGRAPH
_06
999 _c117790
_d117790